Strangers in death / (Record no. 234418)

000 -LEADER
fixed length control field 01467cam a2200397 a 4500
001 - CONTROL NUMBER
control field 15070298
003 - CONTROL NUMBER IDENTIFIER
control field Nust
005 - DATE AND TIME OF LATEST TRANSACTION
control field 20210727125451.0
008 - FIXED-LENGTH DATA ELEMENTS--GENERAL INFORMATION
fixed length control field 071102s2008 nyu 000 1 eng
010 ## - LIBRARY OF CONGRESS CONTROL NUMBER
LC control number 2007044775
020 ## - INTERNATIONAL STANDARD BOOK NUMBER
International Standard Book Number 9780749908706
Terms of availability Rs. 436
035 ## - SYSTEM CONTROL NUMBER
System control number (OCoLC)ocn166360012
035 ## - SYSTEM CONTROL NUMBER
System control number (OCoLC)166360012
038 ## - RECORD CONTENT LICENSOR
Staff Name Arshad
040 ## - CATALOGING SOURCE
Original cataloging agency DLC
Transcribing agency DLC
Modifying agency BTCTA
-- BAKER
-- YDXCP
-- GO3
-- C#P
-- VP@
-- DLC
043 ## - GEOGRAPHIC AREA CODE
Geographic area code n-us-ny
050 00 - LIBRARY OF CONGRESS CALL NUMBER
Classification number PS3568.O243
Item number S77 2008
082 00 - DEWEY DECIMAL CLASSIFICATION NUMBER
Classification number 823
Author Mark ROB
100 1# - MAIN ENTRY--PERSONAL NAME
Personal name Robb, J. D.,
Dates associated with a name 1950-
9 (RLIN) 11420
245 10 - TITLE STATEMENT
Title Strangers in death /
Statement of responsibility, etc. J.D. Robb.
260 ## - PUBLICATION, DISTRIBUTION, ETC.
Place of publication, distribution, etc. New York :
Name of publisher, distributor, etc. G.P. Putnam's Sons,
Date of publication, distribution, etc. 2008.
300 ## - PHYSICAL DESCRIPTION
Extent 360 p. ;
Dimensions 24 cm.
563 ## - BINDING INFORMATION
Binding note Paperback.
650 #0 - SUBJECT ADDED ENTRY--TOPICAL TERM
Topical term or geographic name entry element Dallas, Eve (Fictitious character)
Form subdivision Fiction.
9 (RLIN) 11421
650 #0 - SUBJECT ADDED ENTRY--TOPICAL TERM
Topical term or geographic name entry element Police
Geographic subdivision New York (State)
-- New York
Form subdivision Fiction.
9 (RLIN) 11422
650 #0 - SUBJECT ADDED ENTRY--TOPICAL TERM
Topical term or geographic name entry element Policewomen
Form subdivision Fiction.
9 (RLIN) 11423
650 #0 - SUBJECT ADDED ENTRY--TOPICAL TERM
Topical term or geographic name entry element Businessmen
General subdivision Crimes against
Form subdivision Fiction.
9 (RLIN) 12077
650 #0 - SUBJECT ADDED ENTRY--TOPICAL TERM
Topical term or geographic name entry element Rich people
Form subdivision Fiction.
9 (RLIN) 7754
651 #0 - SUBJECT ADDED ENTRY--GEOGRAPHIC NAME
Geographic name New York (N.Y.)
Form subdivision Fiction.
9 (RLIN) 4634
655 #7 - INDEX TERM--GENRE/FORM
Genre/form data or focus term Mystery fiction.
Source of term gsafd
9 (RLIN) 5621
856 42 - ELECTRONIC LOCATION AND ACCESS
Materials specified Contributor biographical information
Uniform Resource Identifier <a href="http://www.loc.gov/catdir/enhancements/fy0834/2007044775-b.html">http://www.loc.gov/catdir/enhancements/fy0834/2007044775-b.html</a>
856 42 - ELECTRONIC LOCATION AND ACCESS
Materials specified Publisher description
Uniform Resource Identifier <a href="http://www.loc.gov/catdir/enhancements/fy0834/2007044775-d.html">http://www.loc.gov/catdir/enhancements/fy0834/2007044775-d.html</a>
906 ## - LOCAL DATA ELEMENT F, LDF (RLIN)
a 7
b cbc
c orignew
d 1
e ecip
f 20
g y-gencatlg
942 ## - ADDED ENTRY ELEMENTS (KOHA)
Source of classification or shelving scheme
Koha item type Book
Holdings
Withdrawn status Lost status Source of classification or shelving scheme Damaged status Not for loan Permanent Location Current Location Shelving location Date acquired Total Checkouts Full call number Barcode Date last seen Date last checked out Copy number Price effective from Koha item type
          Central Library (CL) Central Library (CL) Fiction 03/20/2017 1 823 ROB CL1011 07/30/2018 07/18/2018 1 03/20/2017 Book
© 2023 Central Library, National University of Sciences and Technology. All Rights Reserved.